A few days in the people's republic of China/ (Record no. 8753)

MARC details
000 -LEADER
fixed length control field 00682 a2200193 4500
010 ## - LIBRARY OF CONGRESS CONTROL NUMBER
LC control number ENG-88565
020 ## - INTERNATIONAL STANDARD BOOK NUMBER
Terms of availability 200.00
035 ## - SYSTEM CONTROL NUMBER
System control number EN-72098
037 ## - SOURCE OF ACQUISITION
Source of stock number/acquisition DBAD / PUB
082 14 - DEWEY DECIMAL CLASSIFICATION NUMBER
Classification number 915.104
090 ## - LOCALLY ASSIGNED LC-TYPE CALL NUMBER (OCLC); LOCAL CALL NUMBER (OCLC)
-- 8914
-- 8914
100 1# - MAIN ENTRY--PERSONAL NAME
Personal name Batcha, L. Kamal
245 1# - TITLE STATEMENT
Title A few days in the people's republic of China/
Statement of responsibility, etc by L. Kamal Batcha
260 ## - PUBLICATION, DISTRIBUTION, ETC. (IMPRINT)
Place of publication, distribution, etc Thanjavur
Name of publisher, distributor, etc Crescent Moon Publications
Date of publication, distribution, etc 2004
270 ## - ADDRESS
Address 23/35 Eswari Nagar, Medical College Road, Thanjavur - 613 004
City Thanjavur
Postal code 613 004
State or province T.N.
300 ## - PHYSICAL DESCRIPTION
Extent 168p.:
Dimensions 22cm (Hb)
Other physical details col. photos
942 ## - ADDED ENTRY ELEMENTS (KOHA)
Institution code [OBSOLETE] dpl
Koha item type English Books
Call number prefix 915.104 / BAT
Holdings
Withdrawn status Lost status Source of classification or shelving scheme Damaged status Not for loan Collection code Home library Current library Source of acquisition Cost, normal purchase price Total Checkouts Full call number Barcode Date last seen Copy number Uniform Resource Identifier Cost, replacement price Price effective from Koha item type
    Dewey Decimal Classification   Not For Loan Non-fiction D.B.Act.Division D.B.Act.Division DBAD/PUB 200.00   915.104 BAT EN-72098 15/09/2008 1 9697 200.00 15/09/2008 English Books

© Delhi Public Library
Hit Counter
free hit counter